000 004350000a22001690004500
003 LK-CoMWRAF
005 20231103150510.0
008 230817t ||||| |||| 00| 0 eng d
020 _a8182520487
040 _aLK-CoMWRAF
_dLK-CoMWRAF
_eLK-CoMWRAF
041 _aeng
082 _a823
_bFOU
245 _aFour oxen and the lion
260 _aMumbai (India) :
_bWilco publishing house,
_c2006
650 _aEnglish Fiction
942 _cBK
999 _c2261
_d2261